000 00846nam a2200241Ia 4500
003 OSt
005 20220923223712.0
006 a|||||r|||| 00| 0
007 ta
008 220922b |||||||| |||| 00| 0 hin d
024 _a220,156
037 _cTextual
040 _aARTS
_cARTS
_bhin
041 _2hin
_ahin
082 _a4(P152)v281, 152P4
100 _aअवधेश कुमार
_9156290
245 0 _aहिन्दी की साहित्यिक पत्रकारिता
_b दिल्ली के संदर्भ में
246 _aHindī kī sāhityik patrakāritā: dillī ke sandarbha mean
260 _aदिल्ली
_b के के
_c2004
300 _a215i`
_ccm.
942 _h4(P152)v281, 152P4
_cTEXL
_2CC
999 _c366829
_d366829